000 005890000a22001210004500
100 1 _aVarela Varela, Aida
245 1 0 _aProcesos educativos : competencias, diálogo, mediación y estrategias didácticas
300 _anúm.40 ( Ago. - Sep., 2009), P. 31 - 33
520 _aEl texto plantea la necesidad de nuevas estrategias didácticas con el objetivo de potencializar a los sujetos para que actúen de manera significativa en la sociedad del conocimiento.
650 1 4 _aCOMPETENCIA (PSICOLOGIA) - EDUCACION
773 0 _tRevista internacional magisterio : educación y ped
942 _cANA
999 _c62954
_d62954